| 000 | 00508cam a2200181 a 4500 | ||
|---|---|---|---|
| 001 | 000018657 | ||
| 005 | 20200929165833.0 | ||
| 008 | 760525s1974 fr 000 1 fre d | ||
| 040 |
_aDO-SdBNP _bfre _cLC _dBNGR |
||
| 050 | 0 | 0 |
_aPQ2603.A834 _bA8 |
| 082 |
_ann* _bC436a |
||
| 100 | 1 |
_aChalais, Francois, _d1919- _940301 |
|
| 245 | 1 | 2 |
_aL'atterrissage : _broman / _cFrançois Chalais. |
| 260 |
_a[Paris] : _bStock, _c1974. |
||
| 300 |
_a326 p. ; _c22 cm. |
||
| 910 | _aCatalogación derivada / LC | ||
| 049 | _aBNGR | ||
| 999 |
_c18177 _d18177 |
||